01976nam a22003498a 4500001001000000003000400010005001700014008004100031020002500072020002200097040003600119082002200155100003800177245011700215246004300332250001200375260007700387300005000464500002400514504004100538650003200579653003800611655002100649942002600670999001700696952015200713952015300865952015201018952015201170952015201322952015201474016126739OSt20141026152238.0120716s2012 xxkadf frb 001 0 eng d a9780749466473 (pbk.) a0749466472 (pbk.) aStDuBDSbengcStDuBDSdEG-ScBUE00a658.3142222bARM1 aArmstrong, Michael,d1928-92315610aArmstrong's handbook of reward management practice :bimproving performance through reward /cMichael Armstrong.30aHandbook of reward management practice a4th ed. aLondon ;aPhiladelphia, United States ;aNew Delhi :bKogan Page,c2012. axiv, 442 p. :bchart, forms, tables ;c24 cm. aIndex : p. 433-442. aIncludes bibliographical references. 0aEmployee motivation.934407 bBUSADMcNovember2013cOctober2014 vtext book933728 2ddccBBk658.3142 ARM c17742d17714 00102ddc40708BaccahaMAINbMAINc1STd2013-11-10epurchaseg360.00l7m49o658.3142 ARMp000035058r2025-07-15 00:00:00s2019-12-18v450.00yBB 00102ddc40708BaccahaMAINbMAINc1STd2013-12-02epurchaseg360.00l10m43o658.3142 ARMp000029646r2025-07-15 00:00:00s2020-11-17v450.00yBB 00102ddc40708BaccahaMAINbMAINc1STd2014-10-26epurchaseg360.00l8m34o658.3142 ARMp000036788r2025-07-15 00:00:00s2018-12-17v450.00yBB 00102ddc40708BaccahaMAINbMAINc1STd2014-10-26epurchaseg360.00l6m20o658.3142 ARMp000036789r2025-07-15 00:00:00s2018-11-18v450.00yBB 00102ddc40708BaccahaMAINbMAINc1STd2014-10-26epurchaseg360.00l6m32o658.3142 ARMp000036790r2025-07-15 00:00:00s2018-11-13v450.00yBB 00102ddc40708BaccahaMAINbMAINc1STd2014-12-03epurchaseg360.00l8m26o658.3142 ARMp000029773r2025-07-15 00:00:00s2018-11-08v450.00yBB